| 000 | 00339nam a22001337a 4500 | ||
|---|---|---|---|
| 999 |
_c8156 _d8156 |
||
| 003 | OSt | ||
| 005 | 20200806114356.0 | ||
| 008 | 200806b ||||| |||| 00| 0 eng d | ||
| 020 | _a9788499360027 | ||
| 082 | _a720.47 | ||
| 245 | _aVisual tips for eco living : a practical and inspirational guide | ||
| 260 |
_aspain _bbooq _c2014 |
||
| 942 | _2ddc | ||